<?xml version="1.0" encoding="UTF-8"?>
<record
    xmlns:xsi="http://www.w3.org/2001/XMLSchema-instance"
    xsi:schemaLocation="http://www.loc.gov/MARC21/slim http://www.loc.gov/standards/marcxml/schema/MARC21slim.xsd"
    xmlns="http://www.loc.gov/MARC21/slim">

  <leader>01694nam a2200241 i 4500</leader>
  <datafield tag="999" ind1=" " ind2=" ">
    <subfield code="c">27164</subfield>
    <subfield code="d">27164</subfield>
  </datafield>
  <controlfield tag="006">m|||||o||d||||||||</controlfield>
  <controlfield tag="007">cr||||||||||||</controlfield>
  <controlfield tag="008">170707s2020||||enk     o     ||1 0|eng|d</controlfield>
  <datafield tag="020" ind1=" " ind2=" ">
    <subfield code="a">9781108347945 (ebook)</subfield>
    <subfield code="q">Online Resource</subfield>
  </datafield>
  <datafield tag="040" ind1=" " ind2=" ">
    <subfield code="a">UkCbUP</subfield>
    <subfield code="b">eng</subfield>
    <subfield code="e">rda</subfield>
  </datafield>
  <datafield tag="082" ind1="0" ind2="0">
    <subfield code="a">387.5</subfield>
    <subfield code="2">23</subfield>
  </datafield>
  <datafield tag="100" ind1="1" ind2=" ">
    <subfield code="a">Lorange, Peter,</subfield>
  </datafield>
  <datafield tag="245" ind1="1" ind2="0">
    <subfield code="a">Innovations in shipping /</subfield>
  </datafield>
  <datafield tag="260" ind1=" " ind2=" ">
    <subfield code="a">London</subfield>
    <subfield code="b">Cambridge University Press</subfield>
    <subfield code="c">2020</subfield>
  </datafield>
  <datafield tag="300" ind1=" " ind2=" ">
    <subfield code="a">1 online resource (x, 213 pages) :</subfield>
    <subfield code="b">digital, PDF file(s).</subfield>
  </datafield>
  <datafield tag="500" ind1=" " ind2=" ">
    <subfield code="a">Title from publisher's bibliographic system (viewed on 19 Mar 2020).</subfield>
  </datafield>
  <datafield tag="520" ind1=" " ind2=" ">
    <subfield code="a">Innovations are dramatically changing the traditionally conservative global ocean shipping industry as it works to become more efficient and more sustainable. Academic and former shipping company owner Peter Lorange is best placed to make sense of how to approach and keep ahead of these changes. This book explains what the key innovations are, how to ensure a return on investment, the barriers to innovation and how to overcome them. Drawing on a number of specialist case studies, Lorange outlines the specific analytical and decision-making steps to consider and actions to take to arrive at a new strategic blueprint for modern shipping companies. This book is invaluable for practising shipping company executives, advanced students of shipping, logistics, port management and maritime economics and investors deciding whether to invest in a particular shipping firm.</subfield>
  </datafield>
  <datafield tag="650" ind1=" " ind2="0">
    <subfield code="a">Shipping</subfield>
    <subfield code="x">Technological innovations.</subfield>
  </datafield>
  <datafield tag="650" ind1=" " ind2="0">
    <subfield code="a">Shipping</subfield>
    <subfield code="x">Management.</subfield>
  </datafield>
  <datafield tag="776" ind1="0" ind2="8">
    <subfield code="i">Print version: </subfield>
    <subfield code="z">9781108424875</subfield>
  </datafield>
  <datafield tag="856" ind1="4" ind2="0">
    <subfield code="u">https://doi.org/10.1017/9781108347945</subfield>
  </datafield>
  <datafield tag="942" ind1=" " ind2=" ">
    <subfield code="2">ddc</subfield>
    <subfield code="c">EBK</subfield>
  </datafield>
</record>
